00643nam a2200193Ia 4500008004100000082001700041100001900058245003100077250000800108260002900116300001200145500002400157650001600181700001600197942000700213952010600220952010600326999001700432230524s9999 xx 000 0 und d a621.382bWID aBernard Widrow 0aAdaptive Signal Processing a1st aNEW DELHIbPearsonc2005 aXII;467 aQuantity Number: 2 aElectronics a S.D.Sterms cBK 00104070aTATCLbTATCLcGENd2023-05-24l0o621.382 WIDp8967r2023-05-24w2023-05-24yBKzPEEL5401 00104070aTATCLbTATCLcGENd2023-05-24l0o621.382 WIDp8968r2023-05-24w2023-05-24yBKzPEEL5401 c32679d32679